000 00568nam a2200205Ia 4500
005 20250923150053.0
008 008 250917s9999 xx 000 0 eng d
037 _aTextual
040 _aDSWL
_beng
_cDSWL
041 _aeng
_2eng
084 _qDSWL
100 _aRamarao, A.
_9841887
245 0 _aHIV/AIDS Awareness & family life education: Training manual
_c by A.Ramarao
260 _aNew Delhi
_b Y W C A Publications
_c1997
365 _aINR
_b100
700 _a Kumari Radha
_9841888
925 _g100
942 _cTEXL
999 _c1459216
_d1459216